Anar Kali/ (Record no. 45003)

MARC details
000 -LEADER
fixed length control field 01715njm a22002657a 4500
005 - DATE AND TIME OF LATEST TRANSACTION
control field 2010091008118.0
007 - PHYSICAL DESCRIPTION FIXED FIELD--GENERAL INFORMATION
fixed length control field sd ammalaaahaa
008 - FIXED-LENGTH DATA ELEMENTS--GENERAL INFORMATION
fixed length control field 100830t xxu||||| |||| 00| 0 hin d
028 ## - PUBLISHER NUMBER
Publisher number TAE-1327
Source Gramophon co.
035 ## - SYSTEM CONTROL NUMBER
System control number GR-01869
040 ## - CATALOGING SOURCE
Original cataloging agency SED/VEN
100 ## - MAIN ENTRY--PERSONAL NAME
9 (RLIN) 17458
Personal name Lata Mangeshker
245 ## - TITLE STATEMENT
Title Anar Kali/
Medium [Sound recording] :
Statement of responsibility, etc by Lata Mangeshker Music(C.Ram Chandra ) Lyric (Rajendr Krishan,Shelendra ,Hasrat Jaipuri )
246 ## - VARYING FORM OF TITLE
Title proper/short title अनारकली /
260 ## - PUBLICATION, DISTRIBUTION, ETC. (IMPRINT)
Place of publication, distribution, etc Dum Dum, India
Name of publisher, distributor, etc Odeon
300 ## - PHYSICAL DESCRIPTION
Extent 1 Sound disc [Gramophone Record] :
Other physical details analog, 33 1/3 rpm
Dimensions 7 in (LP)
Type of unit Gramophone Records
500 ## - GENERAL NOTE
General note Brief record
505 ## - FORMATTED CONTENTS NOTE
Formatted contents note पार्ट १ यह जिंदगी उसी की है (लता मंगेशकर)( स .राम चन्द्र )(राजेन्द्र क्रिशन ,शेलेन्द्र ,हसरत जयपुरी ) Part 1 Yeh gindgi usi ki hai( Lata mangesker)(C.Ram Chandra )(Rajendr Krishan,Shelendra ,Hasrat Jaipuri पार्ट २ दुआ कर गमे दिल ,ओह आस्मंवाले ( लता मंगेशकर )( क .राम चन्द्र )(राजेन्द्र क्रिशन ),(शेलेन्द्र )(,हसरत जयपुरी ) Part 2 Dua kar game dil ,Oh Aasmanwale ( Lata Mangeshker)( C.Ram Chandra )(Rajendr Krishan),(Shelendra )(,Hasrat Jaipuri)
650 ## - SUBJECT ADDED ENTRY--TOPICAL TERM
Topical term or geographic name as entry element Orchestra
9 (RLIN) 1186
Geographic subdivision India
General subdivision Excerpts
700 ## - ADDED ENTRY--PERSONAL NAME
9 (RLIN) 17459
Personal name C .Ram chander
Numeration
700 ## - ADDED ENTRY--PERSONAL NAME
Personal name Rajendr Krishan
9 (RLIN) 19239
700 ## - ADDED ENTRY--PERSONAL NAME
Personal name Hasrat Jaipur
9 (RLIN) 19341
942 ## - ADDED ENTRY ELEMENTS (KOHA)
Source of classification or shelving scheme Dewey Decimal Classification
Item type Gramaphone Records
Holdings
Withdrawn status Lost status Source of classification or shelving scheme Damaged status Not for loan Collection code Home library Current library Date acquired Total Checkouts Barcode Date last seen Price effective from Koha item type
    Dewey Decimal Classification   Not For Loan Non-fiction Central Library Central Library 10/09/2010   GR-01869 10/09/2010 10/09/2010 Gramaphone Records

© Delhi Public Library
Hit Counter
free hit counter